[Event "Berlin Lichtenrade op 15th"]
[Site "Berlin"]
[Date "2019.10.19"]
[Round "8"]
[White "Kutschke, Jens"]
[Black "Alten, Silvio"]
[Result "0-1"]
[WhiteElo "2002"]
[BlackElo "1893"]
[PlyCount "70"]
[EventDate "2019.10.12"]
[EventType "swiss"]
[EventRounds "9"]
[EventCountry "GER"]
[SourceTitle "CBM 195 Extra"]
[Source "ChessBase"]
[SourceDate "2020.05.31"]
[SourceVersion "1"]
[SourceVersionDate "2020.05.31"]
[SourceQuality "1"]

1. e4 d5 2. exd5 Qxd5 3. d4 Nc6 4. Nf3 Bg4 5. Be2 0-0-0 6. Be3 e6 7. 0-0 Nf6 8. c4 Qd7 9. Nc3 Bxf3 10. Bxf3 Nxd4 11. Bxd4 Qxd4 12. Qa4 Qc5 13. b4 Qxc4 14. Nb5 a6 15. Nxc7 Ne4 16. Bxe4 Qxe4 17. Rac1 Kb8 18. Nxa6+ bxa6 19. Rc6 Rd6 20. Rc3 Be7 21. Qa5 Qb7 22. Qe5 f6 23. Qg3 g5 24. a4 Rhd8 25. b5 a5 26. b6 Rc8 27. Rb3 Rc5 28. Qh3 Bd8 29. Qh6 Rcd5 30. Qf8 Qe7 31. Qg8 Kb7 32. h3 Rd1 33. g3 Rxf1+ 34. Kxf1 Bxb6 35. Kg2 Rd8 0-1

[Event "Berlin Lichtenrade op 15th"]
[Site "Berlin"]
[Date "2019.10.18"]
[Round "7"]
[White "Alten, Silvio"]
[Black "Kostic, Ivan"]
[Result "1-0"]
[WhiteElo "1893"]
[BlackElo "1698"]
[PlyCount "77"]
[EventDate "2019.10.12"]
[EventType "swiss"]
[EventRounds "9"]
[EventCountry "GER"]
[SourceTitle "CBM 195 Extra"]
[Source "ChessBase"]
[SourceDate "2020.05.31"]
[SourceVersion "1"]
[SourceVersionDate "2020.05.31"]
[SourceQuality "1"]

1. e4 e5 2. Nf3 Nc6 3. d4 exd4 4. Nxd4 Bc5 5. Be3 Nxd4 6. Bxd4 Bxd4 7. Qxd4 Nf6 8. e5 Qe7 9. Be2 c5 10. Qe3 Nd5 11. Qe4 Nc7 12. Nc3 0-0 13. Nd5 Nxd5 14. Qxd5 Rb8 15. f4 b6 16. 0-0-0 Qe6 17. Kb1 Qxd5 18. Rxd5 Rd8 19. Rhd1 Kf8 20. g4 Ke7 21. Rd6 Rb7 22. f5 Rc7 23. f6+ gxf6 24. exf6+ Ke8 25. g5 Rc6 26. Rxc6 dxc6 27. Rxd8+ Kxd8 28. Bd3 Bg4 29. Bxh7 Bh5 30. Kc1 Kd7 31. Kd2 Ke6 32. Ke3 b5 33. Kf4 a5 34. Bf5+ Kd6 35. c3 c4 36. h4 c5 37. Bg4 Bg6 38. h5 Bc2 39. Bf5 1-0

[Event "Berlin Lichtenberger op 12th"]
[Site "Berlin"]
[Date "2013.08.21"]
[Round "5"]
[White "Sidabras, Ignas"]
[Black "Alten, Silvio"]
[Result "1-0"]
[WhiteElo "1690"]
[BlackElo "1887"]
[PlyCount "159"]
[EventDate "2013.08.17"]
[EventType "swiss"]
[EventRounds "9"]
[EventCountry "GER"]
[SourceTitle "CBM 156 Extra"]
[Source "ChessBase"]
[SourceDate "2013.10.22"]
[SourceVersion "1"]
[SourceVersionDate "2013.10.22"]
[SourceQuality "1"]

1. d4 d5 2. c4 e5 3. dxe5 d4 4. Nf3 Nc6 5. g3 Nge7 6. Bg2 Ng6 7. 0-0 Bc5 8. Nbd2 a5 9. Ne4 Be7 10. Bg5 Bxg5 11. Nexg5 Ngxe5 12. Nxe5 Nxe5 13. Nf3 Nxf3+ 14. Bxf3 c5 15. Qb3 Qc7 16. Qb5+ Bd7 17. Qxb7 Qxb7 18. Bxb7 Rb8 19. Bf3 a4 20. b3 axb3 21. axb3 0-0 22. Ra3 Rb4 23. Ra5 Rc8 24. Rb1 Bf5 25. Rb2 Be6 26. Rb5 Rb8 27. Rxc5 Bxc4 28. Bd5 Bxd5 29. Rxd5 Kf8 30. Rd2 Re8 31. Kf1 Rxb3 32. R5xd4 Rb1+ 33. Kg2 Re1 34. e3 g6 35. Rd7 Re7 36. Rd8+ Kg7 37. R8d7 Kf6 38. R2d6+ Re6 39. Rd4 Kg7 40. Rf4 Rf6 41. Rxf6 Kxf6 42. Ra7 h5 43. h4 Re2 44. Ra5 Rb2 45. Rg5 Rc2 46. Kf3 Ra2 47. Rb5 Rc2 48. Rb6+ Ke5 49. Rb4 Kf6 50. Rf4+ Ke6 51. Ke4 Rd2 52. Kf3 Ra2 53. Kg2 Rc2 54. Kh3 Rc1 55. Kg2 Rc2 56. Kh3 Rc1 57. g4 Rg1 58. gxh5 gxh5 59. f3 f6 60. e4 Rg6 61. Rf5 Rh6 62. Kg3 Rg6+ 63. Kf4 Rh6 64. Ra5 Kf7 65. Kf5 Kg7 66. Ra7+ Kf8 67. Ra6 Kg7 68. e5 fxe5 69. Rxh6 Kxh6 70. Kxe5 Kg7 71. Kf5 Kf7 72. Kg5 Ke6 73. f4 Kf7 74. Kxh5 Kf6 75. Kg4 Kg6 76. h5+ Kf6 77. f5 Kf7 78. Kg5 Kg7 79. f6+ Kf7 80. Kf5 1-0

[Event "Berlin Lichtenberger op 12th"]
[Site "Berlin"]
[Date "2013.08.18"]
[Round "2"]
[White "Alten, Silvio"]
[Black "Heuser, Philip"]
[Result "1/2-1/2"]
[WhiteElo "1887"]
[BlackElo "2123"]
[PlyCount "120"]
[EventDate "2013.08.17"]
[EventType "swiss"]
[EventRounds "9"]
[EventCountry "GER"]
[SourceTitle "CBM 156 Extra"]
[Source "ChessBase"]
[SourceDate "2013.10.22"]
[SourceVersion "1"]
[SourceVersionDate "2013.10.22"]
[SourceQuality "1"]

1. e4 c6 2. d4 d5 3. Nc3 dxe4 4. Nxe4 Nf6 5. Nxf6+ gxf6 6. Bc4 Bf5 7. Ne2 e6 8. Bf4 Nd7 9. c3 h5 10. Ng3 Bg6 11. h4 Nb6 12. Be2 Nd5 13. Bd2 Qb6 14. b3 Ba3 15. Nxh5 Bb2 16. 0-0 Bxh5 17. Bxh5 Bxa1 18. Qg4 f5 19. Qe2 0-0-0 20. Rxa1 Qc7 21. Bxf7 Qxf7 22. Bg5 Rde8 23. c4 Nf6 24. f3 Nd7 25. Qf2 b6 26. a4 Kb7 27. a5 f4 28. Qa2 Ra8 29. Qd2 Raf8 30. b4 Qf5 31. Be7 Re8 32. Bg5 Rhf8 33. c5 b5 34. a6+ Kc8 35. Re1 Rf7 36. Re4 Ref8 37. Bxf4 Qxe4 38. fxe4 Rxf4 39. h5 Rxe4 40. h6 Ref4 41. Qe2 Rf1+ 42. Kh2 R1f6 43. Qh5 Rh8 44. h7 Kd8 45. g4 Nf8 46. Kg3 Rxh7 47. Qe5 Nd7 48. Qe4 Rg7 49. Qxc6 Rfg6 50. Qa8+ Ke7 51. Qxa7 Rxg4+ 52. Kf3 Kf6 53. Qa8 Rxd4 54. Qh8 Ne5+ 55. Ke3 Rxb4 56. a7 Rb3+ 57. Ke2 Rb2+ 58. Ke3 Rb3+ 59. Ke2 Rb2+ 60. Ke3 Rb3+ 1/2-1/2

[Event "GER-ch U25 op-A"]
[Site "Oberhof"]
[Date "2013.05.25"]
[Round "9"]
[White "Alten, Silvio"]
[Black "Carow, Annelen"]
[Result "1/2-1/2"]
[WhiteElo "1878"]
[BlackElo "2025"]
[PlyCount "97"]
[EventDate "2013.05.19"]
[EventType "swiss"]
[EventRounds "9"]
[EventCountry "GER"]
[SourceTitle "CBM 154 Extra"]
[Source "ChessBase"]
[SourceDate "2013.06.25"]
[SourceVersion "2"]
[SourceVersionDate "2013.06.25"]
[SourceQuality "1"]

1. e4 c5 2. d4 cxd4 3. c3 Nf6 4. e5 Nd5 5. Nf3 e6 6. cxd4 b6 7. Nc3 Nxc3 8. bxc3 Qc7 9. Bd2 Bb7 10. Bd3 d6 11. 0-0 Nd7 12. Ng5 dxe5 13. f4 e4 14. Bxe4 Bxe4 15. Nxe4 Be7 16. Qg4 g6 17. Qf3 Rc8 18. g4 h5 19. g5 Qc6 20. Kg2 b5 21. Nf2 Nb6 22. Rfc1 Qxf3+ 23. Kxf3 Rc4 24. Nd3 0-0 25. Nb2 Rc7 26. a4 bxa4 27. Nxa4 Nc4 28. Be1 Rd8 29. Nc5 Bxc5 30. dxc5 Rd5 31. Rd1 Rdxc5 32. Rd8+ Kh7 33. Bf2 Rf5 34. Bd4 e5 35. Rxa7 Rxf4+ 36. Ke2 Rxa7 37. Bxa7 Rh4 38. Bb8 Na5 39. Rd7 Nc6 40. Rxf7+ Kg8 41. Rb7 Rxh2+ 42. Kf3 Rh4 43. Bd6 Rc4 44. Bb4 h4 45. Rb5 Kf7 46. Rc5 Rf4+ 47. Kg2 Nxb4 48. cxb4 Ke6 49. Rc6+ 1/2-1/2

[Event "GER-ch U25 op-A"]
[Site "Oberhof"]
[Date "2013.05.24"]
[Round "8"]
[White "Feldheim, Jonas"]
[Black "Alten, Silvio"]
[Result "1-0"]
[WhiteElo "2024"]
[BlackElo "1878"]
[PlyCount "51"]
[EventDate "2013.05.19"]
[EventType "swiss"]
[EventRounds "9"]
[EventCountry "GER"]
[SourceTitle "CBM 154 Extra"]
[Source "ChessBase"]
[SourceDate "2013.06.25"]
[SourceVersion "2"]
[SourceVersionDate "2013.06.25"]
[SourceQuality "1"]

1. e4 c5 2. Nc3 e6 3. Nf3 d5 4. exd5 exd5 5. d4 Nf6 6. Bb5+ Bd7 7. Bxd7+ Qxd7 8. Qe2+ Be7 9. dxc5 Nc6 10. 0-0 0-0 11. Bg5 Qe6 12. Rfe1 d4 13. Qxe6 fxe6 14. Nb5 e5 15. Nxe5 Nb4 16. Re2 Rfd8 17. a3 Nxc2 18. Rxc2 a6 19. Nc7 Rac8 20. Ne6 Rd5 21. Nd3 Kf7 22. Bxf6 Bxf6 23. Nef4 Rd7 24. Kf1 g5 25. Nh5 Rh8 26. b4 1-0

[Event "GER-ch U25 op-A"]
[Site "Oberhof"]
[Date "2013.05.19"]
[Round "2"]
[White "Boehm, Malte"]
[Black "Alten, Silvio"]
[Result "1-0"]
[WhiteElo "1992"]
[BlackElo "1878"]
[PlyCount "63"]
[EventDate "2013.05.19"]
[EventType "swiss"]
[EventRounds "9"]
[EventCountry "GER"]
[SourceTitle "CBM 154 Extra"]
[Source "ChessBase"]
[SourceDate "2013.06.25"]
[SourceVersion "2"]
[SourceVersionDate "2013.06.25"]
[SourceQuality "1"]

1. c4 Nf6 2. Nc3 g6 3. d4 Bg7 4. e4 d6 5. Nf3 0-0 6. Be2 c6 7. 0-0 Nbd7 8. Qc2 Qc7 9. h3 e5 10. Be3 Rd8 11. Rac1 exd4 12. Nxd4 Nf8 13. f4 Ne6 14. Qd2 Qe7 15. Bf3 Nc5 16. Rfe1 Be6 17. b3 Ne8 18. Rcd1 a5 19. Kh1 a4 20. b4 Na6 21. Nxe6 Qxe6 22. Nxa4 Qxc4 23. Nb6 Qxb4 24. Qxb4 Nxb4 25. Nxa8 Rxa8 26. Rb1 Nc2 27. Re2 Nxe3 28. Rxe3 b5 29. e5 d5 30. Rc3 Ra4 31. Rxc6 Rxf4 32. Bxd5 1-0